Memoria relativa al curso de 1894 á 1895 / (Record no. 153695)
[ view plain ]
| 000 -LEADER | |
|---|---|
| campo de control de longitud fija | 00834nam a22001815i 4500 |
| 001 - NÚMERO DE CONTROL | |
| campo de control | 153695 |
| 003 - IDENTIFICADOR DE NÚMERO DE CONTROL | |
| campo de control | ES-MaACL |
| 005 - FECHA Y HORA DE LA ÚLTIMA TRANSACCIÓN | |
| campo de control | 20230906205339.0 |
| 008 - DATOS DE LONGITUD FIJA--INFORMACIÓN GENERAL | |
| campo de control de longitud fija | 020516s1895 sp |||| | spa d |
| 040 ## - FUENTE DE CATALOGACIÓN | |
| Centro catalogador/agencia de origen | NA |
| Lengua de catalogación | spa |
| Centro/agencia transcriptor | NA |
| 110 2# - ENTRADA PRINCIPAL--NOMBRE DE ENTIDAD CORPORATIVA | |
| Nombre de entidad corporativa o nombre de jurisdicción como elemento de entrada | Escuela de Artes y Oficios (Bilbao) |
| 9 (RLIN) | 134362 |
| 245 10 - MENCIÓN DEL TÍTULO | |
| Título | Memoria relativa al curso de 1894 á 1895 / |
| Mención de responsabilidad, etc. | presentada por el Secretario de la Junta Directiva D. Gabriel Vilallonga en sesión pública celebrada para la repartición de premios en 6 de octubre de 1895. |
| 260 ## - PUBLICACIÓN, DISTRIBUCIÓN, ETC. | |
| Lugar de publicación, distribución, etc. | Bilbao : |
| Nombre del editor, distribuidor, etc. | [s.n.], |
| Fecha de publicación, distribución, etc. | 1895 ( |
| Fabricante | Imprenta de la Casa de Misericordia) |
| 300 ## - DESCRIPCIÓN FÍSICA | |
| Extensión | 46 p. ; |
| Dimensiones | 22 cm. |
| 610 24 - PUNTO DE ACCESO ADICIONAL DE MATERIA--NOMBRE DE ENTIDAD CORPORATIVA | |
| Nombre de entidad corporativa o nombre de jurisdicción como elemento de entrada | Escuela de Artes y Oficios (Bilbao)- |
| Subdivisión de forma | Memorias. |
| 9 (RLIN) | 153306 |
| 700 11 - ENTRADA AGREGADA--NOMBRE PERSONAL | |
| Nombre de persona | Vilallonga, Gabriel. |
| 9 (RLIN) | 133718 |
| 852 ## - LOCALIZACIÓN | |
| Ubicación | ES-MaACL |
| Número de control de estantería | T-870-F-3 |
| Nota libre | -- Enc. hol., conservando la cub. original |
| -- | -- Enc. en un vol. facticio |
| Estatus retirado | Estado de pérdida | Estado de daño | No para préstamo | Colección | Biblioteca de origen | Biblioteca actual | Ubicación en estantería | Fecha de adquisición | Total de préstamos | Signatura topográfica completa | Código de barras | Visto por última vez | Precio de reemplazo | Tipo de ítem Koha |
|---|---|---|---|---|---|---|---|---|---|---|---|---|---|---|
| Colección de folletos | Biblioteca del Ateneo de Madrid | Biblioteca del Ateneo de Madrid | Depósito folletos | 17/01/2008 | T-870-F-3 | 1160677 | 23/02/2023 | 23/02/2023 | Folleto |
